| 000 | 01990cam a2200421 i 4500 | ||
|---|---|---|---|
| 001 | 41513 | ||
| 003 | Mx-PuUPA | ||
| 005 | 20250610115938.0 | ||
| 008 | 140415s2020 mx a gr 000 f spa d | ||
| 020 | _a9786073193030 | ||
| 040 |
_aMx-PuUPA _bspa _cMx-PuUPA _dMx-PuUPA _erda |
||
| 041 | 1 |
_aspa _heng |
|
| 043 | _ae-uk-en | ||
| 100 | 1 |
_aRowling, J. K., _d1965- _eautor _910625 |
|
| 240 | 1 | 0 |
_aHarry Potter and the globet of fire. _lEspañol |
| 245 | 1 | 0 |
_aHarry Potter y el cáliz de fuego / _cJ.K. Rowling ; traducción de Adolfo Muñoz García y Nieves Martín Azofra |
| 250 |
_aPrimera edición / _ben México |
||
| 264 | 1 |
_aCiudad de México : _bSalamandra Bolsillo, _c2020 |
|
| 300 |
_a667 páginas : _bilustraciones, _c19 cm |
||
| 336 |
_2rdacontent _atexto _btxt |
||
| 337 |
_2rdamedia _asin medio _bn |
||
| 338 |
_2rdacarrier _avolumen _bnc |
||
| 500 | _aReimpresiones: (Primera reimpresión, noviembre, 2020 ; segunda reimpresión, enero, 2021 ; tercera reimpresión, julio, 2021 ; cuarta reimpresión, octubre, 2021, quinta reimpresión, febrero, 2022 ; sexta reimpresión, septiembre, 2022 ; séptima reimpresión, enero, 2023 ; octava reimpresión, agosto, 2023 ; novena reimpresión, marzo, 2024). | ||
| 600 | 1 | 4 |
_aPotter, Harry (Personaje ficticio) _vNovela juvenil |
| 600 | 1 | 4 |
_aGranger, Hermione (Personaje ficticio) _vNovela juvenil |
| 650 | 7 |
_2armarc _aColegio Hogwarts _xMagia y hechicería (Organización imaginaria) _vNovela Juvenil |
|
| 650 | 7 |
_2armarc _aMagos _vNovela juvenil |
|
| 650 | 7 |
_2armarc _aMagia _vNovela juvenil |
|
| 650 | 7 |
_2armarc _aEscuelas _vNovela juvenil |
|
| 651 | 4 |
_aInglaterra _vNovela juvenil |
|
| 700 | 1 |
_aMuñoz García, Adolfo, _etraductor |
|
| 700 | 1 |
_aMartín Azofra, Nieves, _etraductor |
|
| 765 |
_aRowling, J.K. _tHarry Potter and the Goblet of Fire _d©2000 |
||
| 942 |
_2lcc _cLI _h823.92 _iR8781 |
||
| 999 |
_c41513 _d41513 |
||